都立高校名 - Statistics

General Stats
  • This quiz has been taken 8 times
  • The average score is 42 of 187
Answer Stats
場所 Answer % Correct
新宿区 新宿
86%
千代田区 日比谷
86%
渋谷区 青山
86%
杉並区 西
71%
新宿区 戸山
71%
杉並区 杉並
71%
練馬区 練馬
57%
八王子市 八王子東
57%
立川市 立川
57%
青梅市 多摩
57%
府中市 府中
57%
町田市 町田
57%
小金井市 小金井北
57%
小平市 小平
57%
日野市 日野
57%
国立市 国立
57%
狛江市 狛江
57%
羽村市 羽村
57%
台東区 上野
57%
目黒区 駒場
57%
目黒区 目黒
57%
板橋区 板橋
43%
八王子市 八王子北
43%
調布市 調布北
43%
日野市 日野台
43%
国分寺市 国分寺
43%
福生市 福生
43%
東大和市 東大和
43%
西東京市 保谷
43%
大島町 大島
43%
新島村 新島
43%
神津島村 神津
43%
三宅村 三宅
43%
八丈町 八丈
43%
小笠原村 小笠原
43%
文京区 竹早
43%
大田区 大森
43%
台東区 浅草
43%
江東区
43%
大田区 蒲田
43%
杉並区 豊多摩
29%
豊島区 豊島
29%
豊島区 文京
29%
荒川区 竹台
29%
荒川区 荒川工科
29%
練馬区 井草
29%
足立区 足立
29%
江戸川区 江戸川
29%
江戸川区 小松川
29%
武蔵野市 武蔵
29%
府中市 府中西
29%
府中市 府中東
29%
調布市 調布南
29%
小平市 小平西
29%
小平市 小平南
29%
日野市 南平
29%
東村山市 東村山
29%
東大和市 東大和南
29%
清瀬市 清瀬
29%
武蔵村山市 上水
29%
武蔵村山市 武蔵村山
29%
あきる野市 五日市
29%
西東京市 田無
29%
新宿区 新宿山吹
29%
新宿区 総合芸術
29%
文京区 向丘
29%
文京区 工芸
29%
墨田区 両国
29%
墨田区
29%
江東区 深川
29%
渋谷区 広尾
29%
中央区 晴海総合
29%
港区 三田
29%
港区 芝商業
29%
港区 六本木
29%
台東区 蔵前工科
29%
江東区 大江戸
29%
大田区 雪谷
29%
千代田区 一橋
29%
杉並区 農芸
14%
杉並区 杉並総合
14%
板橋区 大山
14%
板橋区 北園
14%
板橋区 高島
14%
練馬区 大泉
14%
練馬区 石神井
14%
足立区 青井
14%
足立区 江北
14%
葛飾区 葛飾野
14%
葛飾区 南葛飾
14%
葛飾区 農産
14%
葛飾区 葛飾商業
14%
江戸川区 小岩
14%
江戸川区 篠崎
14%
八王子市 翔陽
14%
八王子市 富士森
14%
八王子市 松が谷
14%
立川市 砂川
14%
武蔵野市 武蔵野北
14%
青梅市 青梅総合
14%
府中市 農業
14%
昭島市 昭和
14%
町田市 成瀬
14%
町田市 野津田
14%
町田市 町田総合
14%
小金井市 小金井工科
14%
小金井市 多摩科学技術
14%
国立市 第五商業
14%
東久留米市 東久留米総合
14%
多摩市 永山
14%
あきる野市 秋留台
14%
瑞穂町 瑞穂農芸
14%
墨田区 墨田川
14%
墨田区 日本橋
14%
江東区 墨田工科
14%
品川区 大崎
14%
品川区 八潮
14%
目黒区 国際
14%
大田区 美原
14%
大田区 大田桜台
14%
世田谷区 桜町
14%
世田谷区 総合工科
14%
中野区 鷺宮
14%
墨田区 本所
14%
江東区 城東
14%
江東区 科学技術
14%
江東区 江東商業
14%
江東区 第三商業
14%
品川区 小山台
14%
大田区 田園調布
14%
大田区 六郷工科
14%
大田区 つばさ総合
14%
世田谷区 千歳丘
14%
世田谷区 深沢
14%
世田谷区 松原
14%
世田谷区 芦花
14%
世田谷区 園芸
14%
世田谷区 世田谷泉
14%
渋谷区 第一商業
14%
中野区 富士
14%
杉並区 荻窪
14%
台東区 白鷗
14%
世田谷区 世田谷総合
14%
杉並区 杉並工科
0%
豊島区 千早
0%
北区 飛鳥
0%
北区 赤羽北桜
0%
北区 王子総合
0%
北区 桐ヶ丘
0%
板橋区 板橋有徳
0%
板橋区 北豊島工科
0%
練馬区 大泉桜
0%
練馬区 田柄
0%
練馬区 光丘
0%
練馬区 練馬工科
0%
練馬区 第四商業
0%
足立区 足立新田
0%
足立区 足立西
0%
足立区 足立東
0%
足立区 淵江
0%
足立区 足立工科
0%
足立区 小台橋
0%
葛飾区 本所工科
0%
葛飾区 葛飾総合
0%
江戸川区 葛西南
0%
江戸川区 紅葉川
0%
江戸川区 葛西工科
0%
八王子市 片倉
0%
八王子市 八王子拓真
0%
八王子市 八王子桑志
0%
立川市 立川緑
0%
府中市 府中工科
0%
昭島市 拝島
0%
調布市 神代
0%
町田市 小川
0%
町田市 山崎
0%
町田市 町田工科
0%
東村山市 東村山西
0%
福生市 多摩工科
0%
東久留米市 久留米西
0%
稲城市 若葉総合
0%
西東京市 田無工科
0%
大島町 大島海洋国際
0%
中野区 中野工科
0%
中野区 稔ヶ丘
0%
台東区 忍丘
0%
中野区 武蔵丘
0%
No matching quizzes found
Score Distribution
Percent of People with Each Score
Percentile by Number Answered
Your Score History
You have not taken this quiz